| 000 | 00607nam a22002297a 4500 | ||
|---|---|---|---|
| 003 | UA-OsUOA | ||
| 001 | 120967 | ||
| 007 | ta | ||
| 008 | 20170227b un ||||| |||| 00| 0 ukr d | ||
| 100 | _aГамара П. | ||
| 090 |
_a821.133.1 _bГ18 |
||
| 942 | _cBK | ||
| 040 |
_aUA-OsUOA _bukr _cUA-OsUOA _dUA-OsUOA |
||
| 245 | _aГонкурівську премію присуджено вбивці | ||
| 300 | _a222 С. | ||
| 955 | _a3 | ||
| 041 | _aukr | ||
| 080 | _a821.133.1 | ||
| 260 |
_aК. _c1966 |
||
| 650 | 7 |
_a82 Література. Літературознавство _2UDC |
|
| 999 |
_c407079 _d407079 |
||